| 000 | 00777nam a22001937a 4500 | ||
|---|---|---|---|
| 999 |
_c60481 _d60481 |
||
| 003 | Ge_BSU | ||
| 005 | 20230731112616.0 | ||
| 008 | 230731s2018ge xxu||||| |||| 00| 0 geo d | ||
| 020 | _a9789941800443 | ||
| 041 | _ageo | ||
| 080 | _a81'221.2 მ-44 | ||
| 100 |
_aმახარობლიძე, თამარ, ავტორი. _919561 |
||
| 245 |
_aლინგვისტური წერილები. _bწ. 4 / _cთამარ მახარობლიძე. |
||
| 264 |
_aთბილისი, _c2018. |
||
| 300 |
_a318 გვ. ; _b28 სმ. |
||
| 653 | _aქართული ჟესტური ენა. | ||
| 856 |
_uhttp://eprints.iliauni.edu.ge/8978/1/%E1%83%9A%E1%83%98%E1%83%9C%E1%83%92%E1%83%95.%204%20%281%29.pdf _ypdf |
||
| 942 |
_2udc _cBK |
||